000 00760nam a2200229 i 4500
001 bg
003 KOSZ 005
005 20201130144135.0
008 s pl f |000 0 pol
040 _cBPK
041 _apl
080 _a343.3/.7
100 1 _aFILAR, Marian
245 0 _aPornografia :
_bstudium z dziedziny polityki kryminalnej /
_cMarian Filar ; Uniwersytet Mikołaja Kopernika.
260 _aToruń,
_c1977.
300 _a232 s. :
_bwykr. ;
_c24 cm.
504 _aBibliogr. s. 213-224.
650 9 _aPornografia
_xprawo
_xzagadnienia
_zPolska
710 _aUniwersytet Mikołaja Kopernika
856 _uhttp://koha.tu.koszalin.pl/cgi-bin/koha/opac-detail.pl?biblionumber=35358
_yKatalog online BPK
942 _cKS
_2UKD
999 _c35358
_d35358